000 00293nam a2200121Ia 4500
008 190216s9999||||xx |||||||||||||| ||und||
100 _aLinus Pauling &peter Pauling
245 0 _aChemistry
260 _bW H Freeman And Company
_c1975
300 _a767p
650 _aChemistry
942 _cBK
999 _c2553
_d2553